|
|
|
|
| LEADER |
00000nab a2200000 4500 |
| 001 |
vtls011784999 |
| 003 |
SK-MaSNL |
| 005 |
20260304052329.0 |
| 008 |
181015|2018 xo |||| ||n ||00 0|slo |
| 015 |
|
|
|a SNBRB2018/10
|
| 040 |
|
|
|a SPKCL
|b slo
|e rda
|
| 041 |
|
|
|a slo
|
| 043 |
|
|
|a e-sz- - -
|
| 044 |
|
|
|a xo
|c SK
|
| 072 |
|
7 |
|a 37.09
|x Organizácia výučby a vzdelávania
|2 konspekt
|
| 072 |
|
7 |
|a 377
|x Odborné vzdelávanie
|2 konspekt
|
| 080 |
|
|
|a 37.091
|x (494)
|2 2011
|
| 080 |
|
|
|a 377
|2 2011
|
| 100 |
1 |
|
|a Smida, Jozef
|4 aut
|9 5448
|
| 245 |
1 |
0 |
|a Príklad duálneho systému vo Švajčiarsku
|c Jozef Smida
|
| 300 |
|
|
|b Fotografie
|
| 336 |
|
|
|a text
|b txt
|2 rdacontent
|
| 337 |
|
|
|a bez média
|b n
|2 rdamedia
|
| 338 |
|
|
|a zväzok
|b nc
|2 rdacarrier
|
| 504 |
|
|
|a Obsahuje bibliografiu
|
| 650 |
0 |
7 |
|a školstvo
|2 SNKPH
|9 19712
|
| 650 |
0 |
7 |
|a duálne vzdelávanie
|2 SPKCL
|9 71654
|
| 650 |
0 |
7 |
|a profesijná príprava
|2 SNKPH
|9 4253
|
| 650 |
0 |
7 |
|a odborná prax
|2 SNKPH
|9 65538
|
| 650 |
0 |
7 |
|a remeselná výroba
|2 SNKPH
|9 2354
|
| 651 |
|
7 |
|a Švajčiarsko
|2 SNKPHgeo
|9 20143
|
| 773 |
0 |
|
|t Rodina a škola
|g Roč. 67, č. 8 (2018), s. 6
|x 0231-6463
|
| 958 |
|
|
|a NB
|
| 999 |
|
|
|c 2707813
|d 2709743
|